Diccionario musical para el aficionado /

Guardado en:
Autor Principal: D'urbano, Jorge
Formato: Libro
Publicado: Buenos Aires : Anesa, 1976
Series:Colección Anesa; 4
Materias:
Etiquetas: Agregar Etiqueta
Sin Etiquetas, Sea el primero en etiquetar este registro!
LEADER 00512nam a22001815a 4500
001 CEM.cems012203
005 20060822093258.0
008 130507s1976##################000#0#####d
003 CEMS
082 0 4 |a 780.3 
100 1 |a D'urbano, Jorge 
245 1 0 |a Diccionario musical para el aficionado /  |c Jorge D'urbano 
260 |a Buenos Aires :  |b  Anesa,  |c 1976 
300 |a 256 p. 
490 0 |a Colección Anesa; 4 
653 |a Música 
653 |a Diccionario 
859 |a CEMS  |b BIB. CEMS - 11 de abril  |h 780.3  |i D932  |p 23435.06  |t Ej.1